QCM le coeur a ses raisons : niveau difficile - Statistiques

Statistiques générales
  • Ce quiz a été pris 27 fois
  • Le résultat moyen est 6 sur 13
Statistiques - réponses
Question Réponse % Correct
Quel personnage est vraiment mort ? Peter Malboro
86%
Lequel de ces personnages n'a jamais fait partie du générique de la série ? Coucou le clown
64%
Qui ne fait pas partie du commando d'agent spéciaux dont la mission est de combattre le terrorisme à Saint-Andrews ? Brittany Jenkins
55%
Quel objet n'a jamais servi à violenter Madge ? Une batte de baseball
55%
Lequel de ces personnages n'a pas eu une aventure avec Brett Montgomery ? Brooke Gallaway
50%
Qu'est ce qui fait partie des fantasmes les plus secrets de Brenda réalisés avant sa mort ? Faire empailler Madge
50%
Laquelle de ces chansons est le Hit de l'été dans la saison 3 ? Là où là et là, là, là, là bas
41%
Quel personnage n'est pas un(e) Montgomery ? Criquette
36%
Quel qualificatif n'a pas été utilisé pour présenter Criquette Rockwell ? ex-championne de krav maga
36%
Quel prénom ne figure pas parmi les prénoms du fils de Brett et Criquette ? Junior
36%
Lequel de ces lieux ne voit-on pas à l'écran ? Le centre commercial
36%
Quel personnage est présent dans plus d'un épisode de la série ? Le P'tit Boubou
36%
Lequel de ces personnages apparait le plus tard dans la série ? Becky Walters
32%
Aucun quiz correspondant
Distribution des résultats
% des personnes avec chaque résultat
Percentile par nombre de réponses
Votre historique - résultats
Vous n’avez pas pris ce quiz